|
|
|
|
| LEADER |
00000nam a2200000 a 4500 |
| 005 |
20111213133948.0 |
| 007 |
cr|||| |||| |
| 008 |
060330s2005 sp |||||| o000 ||spa|c |
| 020 |
|
|
|a 8483203316 (Ministerio de Medio Ambiente)
|
| 020 |
|
|
|a 8473512464 (INAP)
|
| 035 |
|
|
|a 6082
|
| 040 |
|
|
|d vLex
|
| 090 |
|
|
|c 2827
|d 2827
|
| 245 |
0 |
0 |
|a Derecho al conocimiento y acceso a la informacin̤ en las polt̕icas de medio ambiente
|h [Recurso electrn̤ico] /
|c director-coordinador: Antonio Magariǫs Compaired
|
| 256 |
|
|
|a Servicio en ln̕ea
|
| 260 |
|
|
|a Madrid :
|b Ministerio de Medio Ambiente :
|b Instituto Nacional de Administracin̤ Pb︢lica,
|c 2005
|
| 300 |
|
|
|a 1 recurso electrn̤ico
|
| 490 |
1 |
|
|a Estudios y documentos
|
| 506 |
1 |
|
|a Contenido solo disponible en los productos indicados
|d vLex Global
|d vLex Global (Academic Edition, excluding Law Schools)
|d vLex Global (U.S. Academic Edition, Law Schools)
|d vLex Global (U.S. Academic Edition, excluding Law Schools)
|d vLex Global (Academic Edition, Law Schools)
|
| 650 |
0 |
4 |
|a Libertad de informacin̤
|x Legislacin̤
|z Espaą
|
| 650 |
0 |
4 |
|a Medio ambiente
|x Proteccin̤
|x Legislacin̤
|
| 650 |
0 |
4 |
|a Informacin̤ ambiental
|
| 700 |
1 |
|
|a Magariǫs Compaired, Antonio
|
| 710 |
1 |
|
|a Espaą.
|b Ministerio de Medio Ambiente
|
| 710 |
1 |
|
|a Instituto Nacional de Administracin̤ Pb︢lica (Espaą)
|
| 740 |
0 |
|
|a vLex Libros (Servicio en ln̕ea)
|
| 830 |
|
0 |
|a Estudios y documentos (Espaą. Ministerio de Medio Ambiente)
|
| 856 |
4 |
0 |
|u http://vlex.com/source/derecho-conocimiento-y-acceso-informacion-politicas-medio-ambiente-6082
|z Acceso restringido
|
| 942 |
|
|
|c BOOK
|
| 999 |
0 |
|
|a Freedom of information
|
| 999 |
0 |
|
|a Civil rights
|